000 00421nam a2200181Ia 4500
005 20250423100751.0
008 250422s9999 xx 000 0 und d
020 _a978- 0- 07- 353320- 9
050 _aPE1408.S464
100 _aDorothy U. Seyler
245 0 _aRead, reason, write
250 _a8th ed.
260 _bMcGraw Hill
260 _c2006
300 _a770 p
650 _aCollege readers
942 _cBK
999 _c34278
_d34278